Statistics for All 5-Letter Words Starting with “X”

Click here to take the quiz!

General Stats

  • This quiz has been taken 82 times
  • The average score is 4 of 13

Answer Stats

Word% Correct
xenon
86%
xerox
66%
xenia
37%
xylem
34%
xysts
32%
xenic
20%
xebec
19%
xeric
15%
xerus
12%
xylan
10%
xylol
10%
xylyl
8%
xysti
8%

Score Distribution

Percentile by Number Answered

Percent of People with Each Score

Your Score History

You have not taken this quiz